Statistics for The Minecraft Villager Quiz

Click here to take the quiz!

General Stats

  • This quiz has been taken 21 times
  • The average score is 25 of 52

Answer Stats

HintAnswer% Correct
Number of inventory slots8
86%
Zombie | Zombie Villager
86%
This effect starts a raid when brought near at least one villagerBad Omen
79%
Bread
71%
Carrots
71%
ComposterFarmer
71%
Fletching TableFletcher
71%
This effect is awarded to a player who kills the last raiderHero of the Village
71%
Summoned by panicking villagersIron Golem
71%
LecternLibrarian
71%
BehaviorPassive
71%
Potatoes
71%
Mob turned into when struck by lightningWitch
71%
Beetroot
64%
Cartography TableCartographer
64%
BarrelFisherman
64%
Pillager
64%
Wheat
64%
Health20 (10 hearts)
57%
SmokerButcher
57%
Desert
57%
Plains
57%
Blast FurnaceArmorer
50%
Brewing StandCleric
50%
Jungle
50%
CauldronLeatherworker
50%
Snow
50%
Swamp
50%
Taiga
50%
Smithing TableToolsmith
50%
Vindicator
50%
Ravager
43%
Savanna
43%
LoomShepherd
43%
StonecutterStone Mason (Bedrock) | Mason (Java)
43%
Weaken and then cure a Zombie VillagerZombie Doctor
43%
Drowned
36%
Evoker
36%
Husk
36%
Vex
36%
GrindstoneWeaponsmith
36%
Trade with a villager at the build height limitStar Trader
29%
Trade with a villager at the build height limitStar Trader
29%
Successfully trade with a VillagerWhat a Deal!
29%
Zoglin
14%
Zombified Piglin (Bedrock)
14%
Protect a villager from an undesired shock without starting a fireSurge Protector
7%
Acquire or spend 30 Emeralds by trading with villagers or with wandering traderThe Haggler
7%
Strike a Villager with lightningVery Very Frightening
7%
Trade for the best possible priceBuy Low, Sell High
0%
Trade for 1,000 emeraldsMaster Trader
0%
Acquire a map from a cartographer villager, then enter the revealed structureTreasure Hunter
0%

Score Distribution

Percentile by Number Answered

Percent of People with Each Score

Your Score History

You have not taken this quiz